000 00438nam a2200181Ia 4500
001 7430
005 20260306160454.0
008 260306t2015||||xx |||||||||||||| ||spa||
041 _aESP
082 _a338.985
_bP26
100 _aParodi Trece, Carlos
_eAUT
245 0 _aPerú 1995-2012:
_bcambios y continuidades
260 _c2015
300 _a379 páginas :
_c23 cm.
650 _aGEN
654 _aCAN
942 _cLIB
_dJUS
_fJUS
_2ddc
_n
999 _c7430
_d7430